Diverzifikácia podnikateľského rizika prostredníctvom investovania do cenných papierov
Investovanie podniku prostredníctvom kapitálového trhu a ponuka investičných a finančných nástrojov. Kapitálová účasť podniku a diverzifikácia podnikateľského rizika.
Guardado en:
| Autor principal: | |
|---|---|
| Formato: | Capítulo de libro |
| Lenguaje: | eslovaco |
| Materias: | |
| Etiquetas: |
Sin Etiquetas, Sea el primero en etiquetar este registro!
|
MARC
| LEADER | 00000naa$a2200000$$$4500 | ||
|---|---|---|---|
| 001 | 0181117 | ||
| 005 | 20240603073330.6 | ||
| 041 | 0 | |a slo | |
| 044 | |a SK | ||
| 245 | 1 | 0 | |a Diverzifikácia podnikateľského rizika prostredníctvom investovania do cenných papierov |c Pavel Škriniar |
| 520 | |a Investovanie podniku prostredníctvom kapitálového trhu a ponuka investičných a finančných nástrojov. Kapitálová účasť podniku a diverzifikácia podnikateľského rizika. | ||
| 610 | 2 | 0 | |a podnik |
| 610 | 2 | 0 | |a investície finančné |
| 610 | 2 | 0 | |a stratégia investičná |
| 610 | 2 | 0 | |a nástroje investičné |
| 610 | 2 | 0 | |a diverzifikácia |
| 610 | 2 | 0 | |a riziko finančné |
| 100 | 1 | |a Škriniar, Pavel, 1979- | |